Oxford Wordpower / / (رقم التسجيلة. 31652)

تفاصيل مارك
000 -الفاتح
حقل البيانات ثابتة الطول 01242cam a2200337 a 4500
001 - رقم الضبط
رقم الضبط 14957174
003 - محدد رقم الضبط
رقم الضبط OSt
005 - وقت وتاريخ اخر تعامل مع التسجيلة
رقم الضبط 20150408114147.0
008 - عناصر البيانات ثابتة الطول - معلومات عامة
حقل البيانات ثابتة الطول 070808s2007 enk d 001 0 eng
010 ## - رقم ضبط مكتبة الكونجرس
رقم ضبط مكتبة الكونجرس 2007032485
020 ## - الرقم الدولى المعيارى للكتب
الرقم الدولى المعيارى للكتاب 9780199230884 (harcover)
020 ## - الرقم الدولى المعيارى للكتب
الرقم الدولى المعيارى للكتاب 9780194316118
020 ## - الرقم الدولى المعيارى للكتب
الرقم الدولى المعيارى للكتاب 0199230889
035 ## - رقم ضبط النظام
رقم ضبط النظام (OCoLC)ocn163625298
040 ## - مصدر الفهرسة
وكالة الفهرسة الأصلية DLC
وكالة النسخ DLC
وكالة التعديل YDXCP
-- ZCU
-- BTCTA
-- VP@
-- DLC
050 00 - رقم طلب مكتبة الكونجرس
رقم التصنيف PE1628
رقم المادة .O8655 2007
082 00 - رقم تصنيف ديوى العشرى
رقم التصنيف 423.1
رقم الطبعة 22
رقم المادة OXW
245 00 - بيان العنوان
العنوان Oxford Wordpower / /
بيان المسئوليه,etc edited by Maurice Waite.
250 ## - بيان الطبعة
بيان الطبعة 2nd ed.
260 ## - PUBLICATION, DISTRIBUTION, ETC. (IMPRINT)
مكان الناشر او الموزع Oxford ;
-- New York :
اسم الناشر او الموزع Oxford University Press,
تاريخ النشر أو التوزيع 2007.
300 ## - الوصف المادى
التعداد xii, 1204, 44 p. ;
أبعاد الوعاء 27 cm.
500 ## - تبصرة عامة
تبصرة عامة Includes index.
500 ## - تبصرة عامة
تبصرة عامة Rev. ed of: Oxford dictionary, thesaurus, and wordpower guide, 1st ed. 2006.
650 #0 - المدخل الاضافى بالموضوع-مصطلح موضوعى
مصطلح موضوعي أو اسم جغرافي كعنصر مدخل English language
التقسيم الفرعي الشكلي Dictionaries.
650 #0 - المدخل الاضافى بالموضوع-مصطلح موضوعى
مصطلح موضوعي أو اسم جغرافي كعنصر مدخل English language
التقسيم الفرعي العام Synonyms and antonyms
التقسيم الفرعي الشكلي Dictionaries.
700 1# - المدخل الاضافى - اسم شخصى
الإسم الشخصى Waite, Maurice.
9 (RLIN) 8286
700 12 - المدخل الاضافى - اسم شخصى
الإسم الشخصى Soanes, Catherine.
عنوان العمل Oxford dictionary, thesaurus, and wordpower guide.
9 (RLIN) 38794
906 ## - عنصر بيانات محلى F, LDF (RLIN)
a 7
b cbc
c orignew
d 1
e ecip
f 20
g y-gencatlg
942 ## - عناصر المدخل الإضافي( كوها)
مصدر التصنيف او مخطط الترفيف Dewey Decimal Classification
Koha [default] item type كتاب
المقتنيات
حالة الفقد نموذج السعر الفعال حالة تلف ليس للاعارة رقم الطلب تاريخ الاكتساب الموقع الحالي الباركود الفرع الرئيسي Date last checked out Date last seen مُعار نوع المادة فى نظام كوها مصدر التصنيف او خطة الترفيف Total Checkouts Total Renewals
  2013-11-01     423.1 OXW 2013-11-01 المكتبة المركزية بالمجمعة (CL) 00403337 المكتبة المركزية بالمجمعة (CL) 2021-11-07 2021-11-07 2021-12-07 كتاب Dewey Decimal Classification 2  
  2013-11-01     423.1 OXW 2013-11-01 المكتبة المركزية بالمجمعة (CL) 00403338 المكتبة المركزية بالمجمعة (CL) 2019-11-24 2023-07-04   كتاب Dewey Decimal Classification 1  
  2013-11-01     423.1 OXW 2013-11-01 المكتبة المركزية بالمجمعة (CL) 00403347 المكتبة المركزية بالمجمعة (CL) 2015-02-12 2015-11-17   كتاب Dewey Decimal Classification 2 1
  2013-11-01     423.1 OXW 2013-11-01 مكتبة مجمع الكليات بالزلفى - طلاب (SZM) 00403340 مكتبة مجمع الكليات بالزلفى - طلاب (SZM) 2021-11-02 2021-11-02   كتاب Dewey Decimal Classification 3 1
  2013-11-01     423.1 OXW 2013-11-01 مكتبة مجمع الكليات بالزلفى - طلاب (SZM) 00403341 مكتبة مجمع الكليات بالزلفى - طلاب (SZM) 2016-08-03 2016-08-03 2016-11-01 كتاب Dewey Decimal Classification 2